000 00312nam a2200121Ia 4500
008 220204s9999 xx 000 0 und d
082 _a658.3
_bYOD
100 _aYoder, Dale
245 0 _aPersonnel management and industrial relations
250 _aEd.5
260 _aNew Delhi
_bPrentice Hall
_c1967
942 _cBK
999 _c20957
_d20957